000 00532nam a2200157 4500
001 127910
003 ES-MaACL
005 20230906193122.0
007 t|
008 070214s1913 sp r ||||1| spa d
100 1 _aRío Joan, Francisco del.
_997329
245 1 0 _aTelegrafía general
_b: introducción a un libro de telegrafía militar /
_cFrancisco del Río Joan.
260 _aMadrid :
_b[s.n.],
_c1913 (
_fImp. de la `Revista Técnica de Infantería y Caballería`)
300 _a605 p. ;
_c23 cm.
852 _aES-MaACL
_jG-7647
999 _c127910
_d127910